| 000 | 00636nam a2200193 i 4500 | ||
|---|---|---|---|
| 001 | 139993 | ||
| 003 | ES-MaACL | ||
| 005 | 20250618142459.0 | ||
| 007 | t| | ||
| 008 | 070214s1945 ne r ||||1| fre d | ||
| 100 | 1 |
_aSchmidt-Degener, F. _9104499 |
|
| 245 | 1 | 4 |
_aLes contradictions de Rembrandt / _cpar F. Schmidt-Degener ; [traduit... par Lena Delen]. |
| 260 |
_aRotterdam : _bDonker, _c1945. |
||
| 300 |
_a30 p. ; _c19 cm. |
||
| 600 | 0 | 4 |
_aRembrandt Harmenszoon van Rijn, _d1606-1669 _996120 |
| 700 | 1 |
_aDelen, Lena. _943366 |
|
| 852 |
_aES-MaACL _jC-29892 _bR.57012 _z.- Donat. José Antonio Llardent |
||
| 999 |
_c139993 _d139993 |
||